| 000 | 00497nam a2200157Ia 4500 | ||
|---|---|---|---|
| 008 | 210716s2004 xx 000 0 und d | ||
| 020 | _a007058964X | ||
| 041 | _aeng | ||
| 082 | _a658.40353 SCAE | ||
| 100 | _aScannell, Edward E;Newstrom, John W. | ||
| 245 |
_aMore games trainers play: experiential learning exercises. _bExperiential learning exercises. |
||
| 250 | _a1 | ||
| 260 |
_aNew Delhi _bTata McGraw Hill Publishing Company _c2004 |
||
| 300 | _axix,297 | ||
| 650 | _aGeneral Management | ||
| 999 |
_c199637 _d199637 |
||